Statistics for Largest Municipios in SPAIN by First Letter

Click here to take the quiz!

General Stats

  • This quiz has been taken 113 times
  • The average score is 12 of 27

Answer Stats

LetterPopulationMUNICIPIO% Correct
B1,608,746Barcelona
99%
M3,165,541Madrid
99%
S690,566Seville
92%
Z661,108Zaragoza
90%
V790,201Valencia
89%
A330,525Alicante
75%
C326,609Cordoba
74%
D (Basque)186,064Donostia
73%
O220,567Oviedo
72%
P402,949Palma de Mallorca
68%
G273,422Gijon
58%
H254,804(L') Hospitalet de Llobregat
46%
J212,830Jerez de la Frontera
43%
E227,659Elche
39%
F194,171Fuenlabrada
23%
X28,973Xativa
22%
R103,615Reus
20%
T215,121Terrassa
19%
L187,173Leganes
18%
D131,805Dos Hermanas
16%
Y34,037Yecla
16%
U52,674Utrera
13%
W343Wamba
12%
I61,608Irun
10%
N39,426Naron
6%
Q24,776Quart de Poblet
2%
K (Basque)2,729Karrantza Harana
0%

Score Distribution

Percentile by Number Answered

Percent of People with Each Score

Your Score History

You have not taken this quiz